000 00436nam a2200181Ia 4500
001 22646
005 20260414150844.0
008 260414t2018||||xx |||||||||||||| ||spa||
041 _aESP
082 _a621.3824
_bM17
100 _aMailloux, Robert J.
_eAUT
245 0 _aPhased array antenna handbook
_b
260 _c2018
300 _axvi, 530 páginas :
_c26 cm.
650 _aTCA
654 _aCET
942 _cLIB
_dJUS
_fJUS
_2ddc
_n
999 _c22646
_d22646